Datum a čas kvízu

30 Celkem bodů Celkový počet nahraných bodů na tomto kvízu bez doplňovacích otázek.
8. Pořadí na kvízu Konečné umístění týmu na tomto kvízu.

Zaznamenané odpovědi

# Otázka Odpověď Body Výsledky
1. Jeden politik sdílel na svém p... Jindřich Rajchl 0
2. Na fotografii vidíte uvíznutéh... Německa 1
3. Díky novým technologiím se za... Val Kilmer 0
4. Které dvě společnosti byly min... Meta a Google 0.5
5. Který hráč zvítězil minulý týd... Pavel Šulc 1
6. „Jaké je hlavní město Gabonské... D 0
7. AZ Kvíz se na obrazovkách obje... 1 100 Kč 0
8. Doplňte tři slova do sloganu s... který vám zaplatí 1
9. Která herečka se objevuje v pa... Jiřina Bohdalová 1
10. Kdo byl moderátorem soutěže, j... Marek Eben, Valtice 1